| 000 | 00374pab a2200145 454500 | ||
|---|---|---|---|
| 008 | 180718b2001 xxu||||| |||| 00| 0 eng d | ||
| 100 | _aBurange, L.G. | ||
| 245 | _aImport intensity in the registered manufacturing sectors of India | ||
| 260 | _c2001 | ||
| 300 | _ap.42-52 | ||
| 362 | _aOct-Dec | ||
| 650 | _aImports | ||
| 773 | _aIndian Economic Journal | ||
| 909 | _a51519 | ||
| 999 |
_c51519 _d51519 |
||